| 000 | 00505cam a22001337a 4500 | ||
|---|---|---|---|
| 008 | 180718b1955 xxu||||| |||| 00| 0 eng d | ||
| 082 | _aA7x669 | ||
| 100 | _aBuchanan,K.M. and Pugh,J.C | ||
| 245 |
_aLand and people in Nigeria:the human geography of Nigeria and its environmental background _cK.M.Buchanan and J.C.Pugh |
||
| 260 |
_aLondon _bUniversity _c1955 |
||
| 300 | _ax,252p | ||
| 650 | _aNatural resources -Nigeria. Nigeria -Description and travel. Nigeria -Economic conditions. | ||
| 700 | _aPugh,J.C | ||
| 999 |
_c413693 _d413693 |
||